00522 2200193 4500001002100000005001500021008004100036020002200077035001900099041000700118082001100125090001700136100003100153245004900184250000600233260003300239300003400272650002200306INLIS00000000000998120241224113924241224||||||||| | ||| |||| || |  a978-979-756-989-1 0010-1224009981 aid0 a658.84 a658.84 BAM m0 aBambang Eka Purnama, M.Kom00aMembangun Toko Online dengan WP Commerce TTD a1 aYogyakartabGraha Ilmuc2013 a26x21 cm, x, 118 hlm.; ilus.: 0aIlmu-ilmu terapan